Stable networks and product graphs
Αποθηκεύτηκε σε:
| Κύριος συγγραφέας: | |
|---|---|
| Μορφή: | Βιβλίο |
| Γλώσσα: | English |
| Δημοσίευση: |
Providence, Rhode island :
American Mathematical Society,
1995
|
| Σειρά: | Memoirs of the American Mathematical Society ;
; 555 |
| Θέματα: | |
| Ετικέτες: |
Προσθήκη ετικέτας
Δεν υπάρχουν, Καταχωρήστε ετικέτα πρώτοι!
|
MARC
| LEADER | 00000nam a2200000 i 4500 | ||
|---|---|---|---|
| 001 | 1/90329 | ||
| 008 | 990923s1995 eng d | ||
| 020 | |a 0821803476 | ||
| 035 | |l 10053059 | ||
| 040 | |a GR-MY-UA |b gre |e aacr | ||
| 041 | 0 | |a eng | |
| 082 | 0 | |a 511.3 | |
| 100 | 1 | |a Feder, Tomas. | |
| 245 | 1 | 0 | |a Stable networks and product graphs / |c Tomas Feder |
| 260 | |a Providence, Rhode island : |b American Mathematical Society, |c 1995 | ||
| 300 | |a xii, 223 p.; |b ill.; |c 25 cm. | ||
| 490 | 1 | |a Memoirs of the American Mathematical Society |v ; 555 | |
| 500 | |a Includes bibliographical references | ||
| 500 | |a Volume 116, number 555 (second of 4 numbers) | ||
| 650 | 0 | 0 | |a Machine theory. |
| 650 | 0 | 0 | |a Graph theory. |
| 650 | 0 | 0 | |a System analysis. |
| 830 | 0 | |a Memoirs of the American Mathematical Society ; |v ; 555 | |
| 852 | |a INST |b SAMOS |e 19990923 |h 511.3 FED |p 005300012194 |q 005300012194 |t BK |y 0 | ||
| 901 | |a BIBL3-1999-3 | ||
| 909 | |a Σ |b 067290 | ||
| 922 | |a 3ΕΛΗ |b 199907 |c ΕΠΕΑΕΚ/ΜΑΘ |d ΠΑΠΑΣΩΤΗΡΙΟΥ | ||
| 970 | |z 1999/09/23 |a ΓΕΝΟΥΖΟΥ |b ΧΡΥΣΑΝΘΗ | ||